书目信息 |
| 题名: |
金属切削理论与实践
|
|
| 作者: | ;北京市《金属切削理论与实践》编委会 编 | |
| 分册: | 下册 | |
| 出版信息: | 北京 北京出版社 1980 |
|
| 页数: | 657-1114页 | |
| 开本: | 20cm | |
| 丛书名: | ||
| 单 册: | ||
| 中图分类: | TG50 | |
| 科图分类: | ||
| 主题词: | 金属切削 | |
| 电子资源: | ||
| ISBN: | ||
| 000 | 00740nam0 2200205 45 | |
| 001 | 0180000073 | |
| 005 | 20060511083312.09 | |
| 010 | @dCNY4.35 | |
| 100 | @a19960228d1980 em y0chiy0121 ea | |
| 101 | 0 | @achi |
| 102 | @aCN@b110000 | |
| 105 | @ay z 000yy | |
| 200 | 10 | @a金属切削理论与实践@Ajin shu qie xiao li lun yu shi jian@h下册@h第二分册@f北京市《金属切削理论与实践》编委会编@Fbei jing shi《jin shu qie xue li lun yu shi jian》bian wei hui bian |
| 210 | @a北京@c北京出版社@d1980 | |
| 215 | @a657-1114页@d20cm | |
| 606 | @a金属切削 | |
| 690 | @aTG50@v4 | |
| 711 | 0 | @a北京市《金属切削理论与实践》编委会@Abei jing shi《jin shu qie xue li lun yu shi jian》bian wei hui@4编 |
| 801 | 0 | @aCN@bTSSF@c20060511 |
| 905 | @a10447@dTG50@e16:2(2) | |
| 金属切削理论与实践.下册.第二分册/北京市《金属切削理论与实践》编委会编.-北京:北京出版社,1980 |
| 657-1114页;20cm |
| ISBN :CNY4.35 |
| ● |
| 相关链接 |
|
|
|
|
正题名:金属切削理论与实践
索取号:TG50/16:2(2)
 
预约/预借
| 序号 | 登录号 | 条形码 | 馆藏地/架位号 | 状态 | 备注 |
| 1 | 0049866 | 001362901 | 密集书库/ [索取号:TG50/16:2(2)] | 在馆 | |
| 2 | 0049867 | 202155176 | 密集书库/ [索取号:TG50/16:2(2)] | 在馆 |